• 首页
  • 本馆介绍
  • 公告通知
  • 最新文献
  • 馆藏检索
  • 电子资源
  • 读者导购
  • 参考咨询
  • 我的图书馆
  • 登录
  • 详细信息显示
  • 放入我的书架
  • 预约/预借图书
  • 作者相关作品
  • 分类相关作品
  • 丛书相关作品
  • 出版社相关作品

书目信息

  • 表格格式
  • 工作单格式
  • 卡片格式
题名:
水文信息测报与整编
    
 
作者: 陈吉琴 主编
分册:  
出版信息: 北京   中国水利水电出版社  2018
页数: 190页
开本: 26cm
丛书名:
单 册:
中图分类: P338 , P337-3
科图分类:
主题词: 水文观测--shui wen guan ce--技术培训--教材 , 水文资料--shui wen zi liao--资料处理--技术培训--教材
电子资源:
ISBN: 978-7-5170-6517-3
000 01125nam0 2200301 450
001 012001001017
005 20131107105333.0
010    @a978-7-5170-6517-3@dCNY34.00
099    @aCAL 012018117148
100    @a20180829d2018 em y0chiy50 ea
101 0  @achi
102    @aCN@b110000
105    @aak a 000yy
106    @ar
200 1  @a水文信息测报与整编@Ashui wen xin xi ce bao yu zheng bian@f主编陈吉琴
210    @a北京@c中国水利水电出版社@d2018
215    @a190页@c图@d26cm
300    @a中国水利教育协会组织
320    @a有书目 (第190页)
330    @a本书主要介绍了江河水文信息的采集、数据整理与整编、传输与管理的基本概念及原理、方法。全书共分为五章, 主要内容有: 水文测站与站网、水文信息采集、水文信息数据处理与整编、水文信息传输与自动测报系统、水文信息管理。
333    @a全国水利行业“十三五”规划教材 (职工培训)
606 0  @a水文观测@Ashui wen guan ce@x技术培训@j教材
606 0  @a水文资料@Ashui wen zi liao@x资料处理@x技术培训@j教材
690    @aP338@v5
690    @aP337-3@v5
701  0 @a陈吉琴@Achen ji qin@4主编
801  0 @aCN@b北京卓展文化@c20191020
905    @b1197365-8@dP338@e149@f4
    
    水文信息测报与整编/主编陈吉琴.-北京:中国水利水电出版社,2018
    190页:图;26cm
    中国水利教育协会组织.-使用对象:全国水利行业“十三五”规划教材 (职工培训)
    
    ISBN 978-7-5170-6517-3:CNY34.00
    本书主要介绍了江河水文信息的采集、数据整理与整编、传输与管理的基本概念及原理、方法。全书共分为五章, 主要内容有: 水文测站与站网、水文信息采集、水文信息数据处理与整编、水文信息传输与自动测报系统、水文信息管理。
●
相关链接 在E读中查询图书 在五车中查询图书 在当当中查询图书 在豆瓣中查询图书


正题名:水文信息测报与整编     索取号:P338/149         预约/预借

序号 登录号 条形码 馆藏地/架位号 状态 备注
1 1197365   211973658   第二样本阅览室/ [索取号:P338/149] 在馆    
2 1197366   211973667   第三借阅区/ [索取号:P338/149] 在馆    
3 1197367   211973676   第三借阅区/ [索取号:P338/149] 在馆    
4 1197368   211973685   第三借阅区/ [索取号:P338/149] 在馆    
唐山师范学院图书馆 欢迎您!
大连网信软件有限公司© 版权所有